Uuden-Seelannin suurimmat kaupungit - Statistics

Yleistilastot
  • Tätä visaa on pelattu 335 kertaa
  • Keskiarvotulos 5 / 15
Vastaustilastot
Väkiluku Saari Kaupunki % Oikein
398 300 Pohjois Wellington
95%
1 454 300 Pohjois Auckland
88%
381 800 Etelä Christchurch
67%
117 400 Etelä Dunedin
31%
224 000 Pohjois Hamilton
28%
56 800 Pohjois Rotorua
22%
129 700 Pohjois Napier-Hastings
21%
64 800 Etelä Nelson
21%
83 500 Pohjois Palmerston North
20%
130 800 Pohjois Tauranga
20%
56 300 Pohjois New Plymouth
19%
35 700 Pohjois Gisborne
18%
50 300 Etelä Invercargill
17%
55 400 Pohjois Whangarei
16%
39 400 Pohjois Whanganui
13%
Ehtoja vastaavia visoja ei löytynyt
Tulosjakauma
Jokaisen tuloksen saaneiden osuus
Persentiili vastausten määrän mukaan
Tuloshistoriasi
Et ole pelannut tätä visaa